书目信息 |
| 题名: |
博弈论教程
|
|
| 作者: | 王则柯 , 李杰 编著 | |
| 分册: | ||
| 出版信息: | 北京 中国人民大学出版社 2005 |
|
| 页数: | 413页 | |
| 开本: | 23cm | |
| 丛书名: | ||
| 单 册: | ||
| 中图分类: | O225 | |
| 科图分类: | ||
| 主题词: | 对策论--教材 , 对策论 | |
| 电子资源: | ||
| ISBN: | 7-300-05889-2 | |
| 000 | 00912nam0 2200277 450 | |
| 000 | 00921nam0 2200277 450 | |
| 000 | 00854nam0 2200253 450 | |
| 000 | 00818oam2 2200241 45 | |
| 005 | 20070722182923.10 | |
| 010 | @a7-300-05889-2@dCNY29.80 | |
| 100 | @a20070626d2005 em y0chiy0120 ea | |
| 101 | 0 | @achi |
| 102 | @aCN@b110000 | |
| 105 | @ay z 000yy | |
| 200 | 1 | @a博弈论教程@ABo Yi Lun Jiao Cheng@f王则柯,李杰编著@FWang Ze Ke, Li Jie Bian Zhu |
| 210 | @a北京@c中国人民大学出版社@d2005 | |
| 215 | @a413页@d23cm | |
| 300 | @a21世纪经济学系列教材 | |
| 330 | @a本书主要集中于完全信息静态博弈以及完全信息动态博弈的范畴,结合例子与练习介绍博弈论的基本概念和基本方法。 | |
| 606 | 0 | @a对策论@j教材 |
| 606 | 0 | @a对策论 |
| 690 | @aO225@v4 | |
| 701 | 0 | @a王则柯@AWang Ze Ke@f(1942.6~)@4编著 |
| 701 | 0 | @a李杰@ALi Jie@c(经济学博士)@4编著 |
| 801 | 0 | @aCN@bTAOJIN@c20070722 |
| 905 | @a10447@dO225@e138 | |
| 博弈论教程/王则柯,李杰编著.-北京:中国人民大学出版社,2005 |
| 413页;23cm |
| 21世纪经济学系列教材 |
| ISBN 7-300-05889-2:CNY29.80 |
| 本书主要集中于完全信息静态博弈以及完全信息动态博弈的范畴,结合例子与练习介绍博弈论的基本概念和基本方法。 |
| ● |
| 相关链接 |
|
|
|
|
正题名:博弈论教程
索取号:O225/138
 
预约/预借
| 序号 | 登录号 | 条形码 | 馆藏地/架位号 | 状态 | 备注 |
| 1 | 0823350 | 208233507 | 第二样本阅览室/ [索取号:O225/138] | 在馆 | |
| 2 | 0823351 | 208233516 | 第三借阅区/ [索取号:O225/138] | 在馆 | |
| 3 | 0823352 | 208233525 | 第三借阅区/ [索取号:O225/138] | 在馆 | |
| 4 | 0823353 | 208233534 | 第三借阅区/ [索取号:O225/138] | 在馆 | |
| 5 | 0823354 | 208233543 | 第三借阅区/ [索取号:O225/138] | 在馆 | |
| 6 | 0823355 | 208233552 | 第三借阅区/ [索取号:O225/138] | 在馆 | |
| 7 | 0823356 | 208233561 | 第三借阅区/ [索取号:O225/138] | 在馆 | |
| 8 | 0823357 | 208233570 | 第三借阅区/ [索取号:O225/138] | 在馆 |